| 000 | 00627nam a2200217u 4500 | ||
|---|---|---|---|
| 008 | 080212|||||||||||||||||||||||||||||eng|u | ||
| 020 | _a8527709457 | ||
| 100 | 1 | _aCouto, Renato Camargos | |
| 245 | 1 | 0 |
_aGuia prático de controle de infecção hospitalar _bEpidemiologia, controle e terapêutica _cRenato, Camaragos Couto, Tânia M. Grillo Pedrosa |
| 250 | _a2a ed. | ||
| 260 |
_aRio de Janeiro _bMEDSI _c2004 |
||
| 300 | _a500p. | ||
| 650 | 4 | _aGestão hospitalar | |
| 650 | 4 | _aBiosegurança | |
| 700 | 1 | _aPedrosa, Tânia M. Grillo | |
| 961 | w | l | _t12 |
| 961 | w | l | _t12 |
| 961 | w | l | _t12 |
| 999 |
_c2617 _d2617 |
||